El Cid /

Pierre Corneille (1606-1684), considerado uno de los mayores dramaturgos franceses del siglo XVII, refleja en su obra las importantes contradicciones de su época. Su teatro, rico y diverso, se inscribe en la escuela clásica, para la que crea un nuevo estilo teatral en que escenifica los sentimientos...

Descripción completa

Guardado en:
Detalles Bibliográficos
Autor principal: Corneille, Pierre (autor)
Formato: Libro
Idioma:Español
Publicado: Buenos Aires, Argentina : Espasa-Calpe, 1948, c1948
Colección:(Austral ; 813)
Temas:
Etiquetas: Agrega una etiqueta
Sin etiquetas, Sé el primero en etiquetar este registro!

MARC

LEADER 00000nam^a2200000^a^4500
001 000277926
005 20250521000000.0
008 080624 19481948
009 20260310111350.723
037 |a Acervo Xavier Clavigero 
041 |a ESP 
082 |a 808.  |b AUS V. 813 
100 |a Corneille, Pierre  |e (autor) 
240 1 4 |a [El Cid, de Pierre Corneille] 
240 1 1 |a [Nicomedes] 
245 1 3 |a El Cid /  |c P. Corneille ; tr. por Miguel Pérez Ferrero, R. Santos Torroella. 
264 4 |a Buenos Aires, Argentina :  |b Espasa-Calpe,  |c 1948, c1948 
300 |a 149 p. 
336 |a texto  |b txt  |2 rdacontenido 
337 |a sin mediación  |b n  |2 rdamedio 
338 |a volumen  |b nc  |2 rdasoporte 
440 1 |a (Austral ;  |v 813) 
520 |a Pierre Corneille (1606-1684), considerado uno de los mayores dramaturgos franceses del siglo XVII, refleja en su obra las importantes contradicciones de su época. Su teatro, rico y diverso, se inscribe en la escuela clásica, para la que crea un nuevo estilo teatral en que escenifica los sentimientos trágicos en la sociedad contemporánea; exalta los sentimientos de nobleza, voluntad, heroísmo y grandeza del alma, a la vez que en muchos hay un alto contenido político. Desde 1647 hasta su muerte, perteneció a la Academia Francesa. Autor de comedias de enredos y tragedias históricas, entre sus obras se cuentan: Melita; Clitandro o la Inocencia perseguida; La galería del palacio; La plaza real; Medea; La ilusión cómica; El Cid; Horacio; La muerte de Pompeyo; El mentiroso; Andrómeda; Don Sancho de Aragón; Nicomedes; Edipo; Sertorio; Otón; Atila; Tito y Berenice; Surena, etc. 
649 |a XX 
650 |a Tragedia Francesa 
650 |a Teatro Histórico -  |z Francia 
650 |a Teatro Francés 
650 |a Literatura Francesa -  |y Siglo XVII 
650 |a Literatura Neoclásica -  |z Francia 
740 0 |a Nicomedes /  |c P. Corneille ; tr. por Miguel Pérez Ferrero, R. Santos Torroella. 
910 |a Fondo General 
920 |a Impresos - Libros 
930 |a Colección General 
940 |a Literatura 
905 |a 101 
901 |a 007580  |b IT1  |c LIT  |u 20250521 
902 |a https://opac.biblio.iteso.mx/vufind/Record/000277926